| 000 | 00876nam a2200277 4500 | ||
|---|---|---|---|
| 003 | OSt | ||
| 005 | 20260530115257.0 | ||
| 008 | 260420b2007 sp a|||| |||| 00| 0 eng d | ||
| 020 | _a8496429318 | ||
| 040 |
_aICI _bspa _cICI |
||
| 041 | 1 |
_aeng _h spa |
|
| 050 |
_a NK1510 _bC35 |
||
| 100 | 1 |
_aCalmettes, Julien Martinez, _930643 |
|
| 245 | 1 | 0 |
_aPure design _bobjects of desire _cedited by Josep Maria Minguet ; text by Julien Martinez Calmettes ; tr., Babyl traducciones |
| 264 | 1 |
_bMonsa _c2007 _aBarcelona |
|
| 300 |
_a249 páginas _c26.3 cm. |
||
| 336 |
_atexto _2rdacontent |
||
| 337 |
_asin medio _2rdamedia |
||
| 338 |
_avolumen _2rdacarrier |
||
| 500 | _aTexto en inglés y español | ||
| 650 | 4 |
_aDiseño _92672 |
|
| 650 | 4 | _aComunicación visual | |
| 700 | 1 |
_aMinguet, Josep María _eeditor _930645 |
|
| 710 | 2 |
_aBabyl traducciones _etr. _930646 |
|
| 942 |
_2ddc _cBK |
||
| 999 |
_c12660 _d12660 |
||